[Event "26th WSCC 2016 Open 50+"]
[Site "Marianske Lazne, Czech Republic - Hotel Cristal and Continental"]
[Date "2016.11.19"]
[Round "1.26"]
[White "Petran, Peter"]
[Black "Hrabal, Ivan"]
[Result "1-0"]
[WhiteElo "2302"]
[BlackElo "1932"]
[PlyCount "77"]
[EventDate "2016.11.19"]

1. c4 e6 2. Nf3 f5 3. g3 Nf6 4. Bg2 c6 5. O-O d5 6. b3 Bd6 7. Bb2 O-O 8. d3
Nbd7 9. Nd4 Qe8 10. cxd5 Be5 11. dxc6 bxc6 12. Qc1 Bxd4 13. Bxd4 Bb7 14. Nd2 e5
15. Bb2 Qe6 16. Qc4 Rfe8 17. Rac1 Rac8 18. Qxe6+ Rxe6 19. Nc4 Ba6 20. Bh3 g6
21. e4 Bxc4 22. Rxc4 Rd6 23. exf5 Rxd3 24. fxg6 hxg6 25. f4 Re8 26. fxe5 Nh5
27. e6 Nb6 28. Rxc6 Nd5 29. Rd6 Ndf4 30. Rxd3 Nxd3 31. Bd4 Nb4 32. Bxa7 Ng7 33.
Rf6 Kh7 34. Rf7 Nc6 35. Rc7 Nxa7 36. Rxa7 Kg8 37. Ra6 Kf8 38. Bg4 Ke7 39. h4
1-0

[Event "26th WSCC 2016 Open 50+"]
[Site "Marianske Lazne, Czech Republic - Hotel Cristal and Continental"]
[Date "2016.11.19"]
[Round "1.27"]
[White "Marsalek, Lubos"]
[Black "Bergstrom, Rolf"]
[Result "0-1"]
[WhiteElo "1927"]
[BlackElo "2296"]
[PlyCount "68"]
[EventDate "2016.11.19"]

1. d4 Nf6 2. Nf3 e6 3. g3 c5 4. Bg2 cxd4 5. Nxd4 d5 6. O-O e5 7. Nb3 Be7 8. Nc3
Be6 9. Bg5 Nbd7 10. e3 h6 11. Bxf6 Nxf6 12. a4 O-O 13. a5 Bb4 14. Na4 Rc8 15.
c3 Bxa5 16. Nac5 Bb6 17. Nxb7 Qc7 18. N7a5 Rfd8 19. Qe2 Bg4 20. Bf3 Bd7 21.
Rfc1 e4 22. Bg2 Bg4 23. Qf1 Be6 24. Qe2 Nd7 25. Bf1 Ne5 26. Qd1 Rd6 27. Ba6 Rb8
28. Be2 Bxa5 29. Nxa5 Rxb2 30. Nb3 h5 31. Nd4 Bg4 32. f3 exf3 33. Bxf3 Nxf3+
34. Nxf3 Qe7 0-1

[Event "26th WSCC 2016 Open 50+"]
[Site "Marianske Lazne, Czech Republic - Hotel Cristal and Continental"]
[Date "2016.11.19"]
[Round "1.28"]
[White "Kutynec, Vladimir"]
[Black "Hoffmann, Michael"]
[Result "1/2-1/2"]
[WhiteElo "2295"]
[BlackElo "1920"]
[PlyCount "70"]
[EventDate "2016.11.19"]

1. Nf3 d5 2. c4 e6 3. g3 Nf6 4. Bg2 Be7 5. O-O O-O 6. d4 c6 7. Nc3 b6 8. Qd3
Bb7 9. Rd1 Nbd7 10. e4 dxe4 11. Nxe4 Nxe4 12. Qxe4 Nf6 13. Qe2 Qc7 14. Bf4 Qc8
15. Ne5 Nd7 16. Nxc6 Bxc6 17. d5 Bb7 18. dxe6 Nc5 19. exf7+ Rxf7 20. Bd5 Qf5
21. b4 Bxd5 22. Rxd5 Qe4 23. Qd2 Ne6 24. Re5 Qd4 25. Rae1 Qxd2 26. Bxd2 Nd4 27.
Rxe7 Nf3+ 28. Kg2 Nxd2 29. Re8+ Rxe8 30. Rxe8+ Rf8 31. Re7 Rf7 32. Re8+ Rf8 33.
Re7 Nxc4 34. Rxa7 Rb8 35. f4 b5 1/2-1/2

[Event "26th WSCC 2016 Open 50+"]
[Site "Marianske Lazne, Czech Republic - Hotel Cristal and Continental"]
[Date "2016.11.19"]
[Round "1.29"]
[White "Danek, Pavel"]
[Black "Bartsch, Berthold"]
[Result "0-1"]
[WhiteElo "1917"]
[BlackElo "2279"]
[PlyCount "118"]
[EventDate "2016.11.19"]

1. d4 Nf6 2. Nf3 Ne4 3. Bf4 e6 4. e3 d5 5. Bd3 Bd6 6. c3 Bxf4 7. exf4 Nd6 8.
Nbd2 Nd7 9. Ne5 Nxe5 10. fxe5 Nf5 11. Bxf5 exf5 12. f4 Qh4+ 13. g3 Qe7 14. Nf3
O-O 15. O-O Be6 16. Qd3 b6 17. h4 c5 18. Kg2 a5 19. h5 Ra7 20. Rh1 Rc8 21. Rh2
Rac7 22. Rah1 h6 23. Nh4 cxd4 24. Qxd4 b5 25. Qd3 b4 26. Nxf5 Bxf5 27. Qxf5
bxc3 28. bxc3 Rxc3 29. Kh3 a4 30. Rd1 Qe6 31. Qxe6 fxe6 32. Rb2 R8c7 33. Rd4 a3
34. Rb8+ Kf7 35. Ra4 g6 36. Raa8 gxh5 37. Rg8 Rc1 38. Raf8+ Ke7 39. Rf6 R7c2
40. Rg7+ Ke8 41. Rg8+ Kd7 42. Rg7+ Kc6 43. Rxe6+ Kc5 44. Rc7+ Kd4 45. Rxc2 Rxc2
46. Ra6 Rxa2 47. e6 Re2 48. Rxa3 Rxe6 49. Kh4 Ke4 50. Kxh5 d4 51. Ra1 Rd6 52.
Rf1 d3 53. g4 d2 54. f5 d1=Q 55. Rxd1 Rxd1 56. Kxh6 Ke5 57. Kg6 Rd6+ 58. Kg7
Rd4 59. f6 Rxg4+ 0-1

[Event "26th WSCC 2016 Open 50+"]
[Site "Marianske Lazne, Czech Republic - Hotel Cristal and Continental"]
[Date "2016.11.19"]
[Round "1.30"]
[White "Stentebjerg-Hansen, Per"]
[Black "Frost, Peter"]
[Result "1-0"]
[WhiteElo "2262"]
[BlackElo "1916"]
[PlyCount "131"]
[EventDate "2016.11.19"]

1. d4 Nf6 2. Nc3 d5 3. Bf4 e6 4. e3 Bd6 5. Bg5 a6 6. Nf3 O-O 7. e4 Be7 8. Bxf6
Bxf6 9. Bd3 c5 10. e5 Be7 11. dxc5 Bxc5 12. O-O Nc6 13. Qd2 h6 14. a3 Bd7 15.
Rae1 Rc8 16. Ne2 f6 17. Nf4 fxe5 18. Ng6 e4 19. Nxf8 Qxf8 20. Bxe4 dxe4 21.
Rxe4 Rd8 22. Qe2 Be8 23. c3 Bg6 24. Ra4 Bd3 25. Qxe6+ Qf7 26. Qxf7+ Kxf7 27.
Rd1 Bc2 28. Rxd8 Nxd8 29. Rc4 Bd6 30. Rd4 Ke7 31. Rd2 Bh7 32. Re2+ Kd7 33. Ne5+
Bxe5 34. Rxe5 Nc6 35. Re3 Bf5 36. h4 h5 37. f3 g6 38. Kf2 a5 39. Re1 a4 40. Kg3
Kd6 41. Kf4 Kc5 42. g4 hxg4 43. fxg4 Bd3 44. h5 gxh5 45. gxh5 Kc4 46. h6 Kb3
47. Rd1 Bc2 48. Rd2 Bb1 49. Rd5 Kc4 50. Rd7 Na5 51. Rd4+ Kb3 52. Rb4+ Ka2 53.
Rxa4 Nb3 54. Re4 Bxe4 55. Kxe4 Nc5+ 56. Kf5 Kxb2 57. h7 Kxc3 58. h8=Q+ Kb3 59.
Qd4 Na6 60. Qd3+ Ka4 61. Qc3 b5 62. Ke4 b4 63. Qc6+ Kxa3 64. Qxa6+ Kb2 65. Qe2+
Kc3 66. Ke3 1-0

[Event "26th WSCC 2016 Open 50+"]
[Site "Marianske Lazne, Czech Republic - Hotel Cristal and Continental"]
[Date "2016.11.19"]
[Round "1.31"]
[White "Wolff, Peter"]
[Black "Larsen, Peter"]
[Result "0-1"]
[WhiteElo "1912"]
[BlackElo "2248"]
[PlyCount "102"]
[EventDate "2016.11.19"]

1. c4 e5 2. g3 Nf6 3. Bg2 c6 4. d4 e4 5. Nc3 d5 6. cxd5 cxd5 7. Nh3 h6 8. O-O
Nc6 9. f3 exf3 10. exf3 Be7 11. Re1 O-O 12. Be3 Re8 13. Qd2 Bf5 14. g4 Bh7 15.
Bf1 Qd7 16. Nf4 Rad8 17. Kh1 a6 18. Rac1 Na5 19. Bg1 Bb4 20. Bd3 Nc4 21. Qc2
Bxd3 22. Nxd3 Rxe1 23. Rxe1 Ba5 24. Ne5 Qc7 25. Bf2 Rc8 26. Nxc4 Qxc4 27. Rc1
Re8 28. Ne4 Nxe4 29. fxe4 Qxc2 30. Rxc2 Rxe4 31. h3 Bb6 32. Rd2 Kf8 33. Kg2 Ke7
34. Kf3 Ke6 35. Rd3 Kd7 36. Rb3 Re6 37. Rd3 Ba7 38. Be3 b5 39. Bd2 Kc6 40. b3
Re4 41. Bc3 Bb8 42. Bd2 Bd6 43. Be3 Kb6 44. Bd2 Be7 45. Bc3 Bf6 46. Bb2 b4 47.
Rd1 Kb5 48. Kf2 Bg5 49. Rd3 Bh4+ 50. Kf3 Re1 51. Re3 Rf1+ 0-1

[Event "26th WSCC 2016 Open 50+"]
[Site "Marianske Lazne, Czech Republic - Hotel Cristal and Continental"]
[Date "2016.11.19"]
[Round "1.32"]
[White "Boulard, Eric"]
[Black "Kainz, Josef"]
[Result "1-0"]
[WhiteElo "2245"]
[BlackElo "1907"]
[PlyCount "49"]
[EventDate "2016.11.19"]

1. e4 c5 2. Nf3 Nc6 3. d4 cxd4 4. c3 d5 5. exd5 Qxd5 6. cxd4 e5 7. Nc3 Bb4 8.
Bd2 Bxc3 9. Bxc3 e4 10. Ne5 Nxe5 11. dxe5 Ne7 12. Qa4+ Bd7 13. Qb4 Nc6 14. Qxb7
Rb8 15. Qc7 O-O 16. Rd1 Qxa2 17. Qxd7 Nb4 18. Qd2 Qb3 19. Bxb4 Rxb4 20. Qc3
Qxb2 21. Qxb2 Rxb2 22. Bc4 e3 23. fxe3 Rxg2 24. Rf1 Rc2 25. Bxf7+ 1-0

[Event "26th WSCC 2016 Open 50+"]
[Site "Marianske Lazne, Czech Republic - Hotel Cristal and Continental"]
[Date "2016.11.19"]
[Round "1.33"]
[White "Mazzamuto, Nicola"]
[Black "Brito, Luismar"]
[Result "0-1"]
[WhiteElo "1903"]
[BlackElo "2242"]
[PlyCount "66"]
[EventDate "2016.11.19"]

1. b3 e5 2. Bb2 Nc6 3. g3 d5 4. Bg2 Nf6 5. e3 Be6 6. Ne2 Qd7 7. h3 O-O-O 8. d3
h5 9. Nd2 h4 10. g4 Kb8 11. a3 d4 12. e4 g5 13. b4 Ng8 14. f3 Nge7 15. Nc4 Bxc4
16. dxc4 Ng6 17. Qd3 Rh6 18. Bc1 Nf4 19. Bxf4 exf4 20. O-O Ne5 21. Qb3 c5 22.
Nc1 d3 23. Nxd3 Qd4+ 24. Kh2 Nxc4 25. Rfd1 Ne3 26. bxc5 Nxd1 27. Rxd1 Rc8 28.
Qxf7 Bxc5 29. Nxc5 Qxc5 30. Rd5 Qf2 31. Rxg5 Qg3+ 32. Kh1 Rb6 33. Qa2 Qe1+ 0-1

[Event "26th WSCC 2016 Open 50+"]
[Site "Marianske Lazne, Czech Republic - Hotel Cristal and Continental"]
[Date "2016.11.19"]
[Round "1.34"]
[White "Yakimenko, Alexander A"]
[Black "Koblasa, Josef"]
[Result "1-0"]
[WhiteElo "2240"]
[BlackElo "1896"]
[PlyCount "145"]
[EventDate "2016.11.19"]

1. e4 d6 2. d4 Nf6 3. Nc3 g6 4. Nf3 Bg7 5. Be2 O-O 6. h3 Nbd7 7. e5 Ne8 8. Bf4
Nb6 9. O-O dxe5 10. dxe5 Qxd1 11. Rfxd1 c6 12. Bg5 f6 13. Bf4 fxe5 14. Bxe5
Bxe5 15. Nxe5 Nd6 16. Bf1 Bf5 17. Rd2 Nf7 18. Nxf7 Rxf7 19. Re1 Re8 20. a4 Kf8
21. a5 Na8 22. g4 Bc8 23. Ne4 Nc7 24. Ng5 Rg7 25. Bc4 h6 26. Nf3 h5 27. Ne5
hxg4 28. hxg4 e6 29. g5 Nd5 30. Rd4 Ne7 31. Ng4 Nd5 32. Bd3 c5 33. Rc4 b6 34.
axb6 axb6 35. Ra4 Nb4 36. Bb5 Rd8 37. c3 Nd5 38. Ne5 Bb7 39. Ra7 Nf4 40. Ra4
Nh3+ 41. Kh2 Rh7 42. Kg3 Nxg5 43. Rg4 Rh3+ 44. Kf4 Nf3 45. Nxg6+ Kf7 46. Re3
Rd5 47. Ne5+ Rxe5 48. Rxe5 Nxe5 49. Kxe5 Rf3 50. Bc4 Bd5 51. Bxd5 Rf5+ 52. Kd6
Rxd5+ 53. Kc6 Rd2 54. Rf4+ Ke7 55. Kxb6 Kd6 56. b4 cxb4 57. cxb4 Rb2 58. b5 e5
59. Rf8 Ke7 60. Rf3 Ke6 61. Kc6 Rc2+ 62. Kb7 Rb2 63. b6 Kd5 64. Kc7 Rc2+ 65.
Kb8 Rb2 66. b7 Ke6 67. Rf8 Ke7 68. Rf5 Ke6 69. Rf3 Ke7 70. Re3 Kf6 71. f3 Kf5
72. Rc3 Ke6 73. Kc7 1-0

[Event "26th WSCC 2016 Open 50+"]
[Site "Marianske Lazne, Czech Republic - Hotel Cristal and Continental"]
[Date "2016.11.19"]
[Round "1.35"]
[White "Bartonicek, Zdenek"]
[Black "Yuferev, Oleg"]
[Result "0-1"]
[WhiteElo "1894"]
[BlackElo "2239"]
[PlyCount "78"]
[EventDate "2016.11.19"]

1. e4 c5 2. c3 Nf6 3. e5 Nd5 4. Nf3 e6 5. d4 cxd4 6. cxd4 d6 7. Bc4 Be7 8. O-O
O-O 9. Nc3 Nxc3 10. bxc3 Qc7 11. Qd3 Nd7 12. Bf4 b6 13. Bb3 Bb7 14. Rfe1 Rac8
15. Rac1 g6 16. Bg5 Rfe8 17. Bxe7 Rxe7 18. exd6 Qxd6 19. Ne5 Nxe5 20. Rxe5 Rec7
21. Qg3 Qxd4 22. Re3 Qf6 23. h4 Rc5 24. Bd1 Kg7 25. Bf3 Bxf3 26. Rxf3 Qe5 27.
Qxe5+ Rxe5 28. Rc2 Rc4 29. g3 Rd5 30. Re3 Kf6 31. Kg2 Ke7 32. Kf3 Kd6 33. Ke2
e5 34. Rd3 e4 35. Rxd5+ Kxd5 36. Ke3 Ke5 37. Kd2 b5 38. Ke3 b4 39. Kd2 Rxc3 0-1

[Event "26th WSCC 2016 Open 50+"]
[Site "Marianske Lazne, Czech Republic - Hotel Cristal and Continental"]
[Date "2016.11.19"]
[Round "1.36"]
[White "Fritsch, Rolf"]
[Black "Canonne, Antoine"]
[Result "0-1"]
[WhiteElo "2235"]
[BlackElo "1887"]
[PlyCount "76"]
[EventDate "2016.11.19"]

1. d4 Nc6 2. Nf3 d5 3. Bf4 Bg4 4. e3 e6 5. h3 Bh5 6. c4 Bb4+ 7. Nc3 Nge7 8. Rc1
O-O 9. Bd3 Bg6 10. a3 Bd6 11. cxd5 exd5 12. Bxg6 hxg6 13. Bxd6 Qxd6 14. O-O
Rac8 15. b4 Nd8 16. Ne5 c6 17. Na4 f6 18. Qg4 fxe5 19. dxe5 Qxe5 20. Nc5 Qf5
21. Qh4 g5 22. Qg3 Ng6 23. Rfd1 b6 24. Nb3 Ne6 25. Rd2 Ne5 26. Rcd1 Nc4 27. Ra2
Rcd8 28. a4 Nd6 29. Qg4 Qxg4 30. hxg4 Nc4 31. Rc2 Rf7 32. Nc1 b5 33. axb5 cxb5
34. Ne2 Rfd7 35. Ra2 d4 36. e4 Nf4 37. Nc1 d3 38. Kf1 Ne2 0-1

[Event "26th WSCC 2016 Open 50+"]
[Site "Marianske Lazne, Czech Republic - Hotel Cristal and Continental"]
[Date "2016.11.19"]
[Round "1.37"]
[White "Wilkinson, Ian"]
[Black "Chan, Peng Kong"]
[Result "0-1"]
[WhiteElo "1885"]
[BlackElo "2233"]
[PlyCount "68"]
[EventDate "2016.11.19"]

1. e4 c5 2. Nc3 Nc6 3. Bb5 e6 4. Nf3 Nge7 5. O-O a6 6. Be2 Nd4 7. Re1 Nec6 8.
a3 d6 9. Bf1 Be7 10. Nxd4 Nxd4 11. Ne2 Bf6 12. c3 Nxe2+ 13. Bxe2 O-O 14. d4
cxd4 15. cxd4 Qb6 16. d5 exd5 17. Qxd5 Bd4 18. Rf1 Be6 19. Qh5 Rac8 20. Bd3 Rc5
21. Qe2 Qb3 22. Rb1 Bg4 23. Qxg4 Qxd3 24. Bh6 f5 25. exf5 Rcxf5 26. Kh1 Rxf2
27. Rg1 Be5 28. Rbd1 Qf5 29. Qc4+ Kh8 30. Be3 Qh3 31. Bf4 Qh4 32. Rgf1 Bxf4 33.
h3 Qg3 34. Kg1 Qxg2# 0-1

[Event "26th WSCC 2016 Open 50+"]
[Site "Marianske Lazne, Czech Republic - Hotel Cristal and Continental"]
[Date "2016.11.19"]
[Round "1.38"]
[White "Habibi, Ali"]
[Black "Sladek, Jaroslav"]
[Result "1-0"]
[WhiteElo "2225"]
[BlackElo "1881"]
[PlyCount "95"]
[EventDate "2016.11.19"]

1. g3 e5 2. c4 c6 3. d4 exd4 4. Qxd4 Nf6 5. Nc3 Be7 6. Bg2 O-O 7. e4 d6 8. Nge2
Na6 9. O-O Nc7 10. Rd1 Ne6 11. Qd3 Qb6 12. h3 h6 13. b3 Rd8 14. Be3 Qa5 15. f4
Ne8 16. a3 Nf8 17. b4 Qc7 18. Rac1 Be6 19. Nd4 Qc8 20. f5 Bd7 21. Nb3 Bf6 22.
g4 Be5 23. Qe2 Kh7 24. Qf2 b6 25. a4 Bxc3 26. Rxc3 c5 27. b5 Rb8 28. h4 Kg8 29.
Bf4 Qc7 30. g5 h5 31. Qg3 Bc8 32. Rcd3 Bb7 33. e5 Bxg2 34. Kxg2 dxe5 35. Bxe5
Rxd3 36. Bxc7 Rxg3+ 37. Bxg3 Rc8 38. a5 g6 39. f6 Ne6 40. Rd7 N8c7 41. a6 Kf8
42. Bd6+ Kg8 43. Be7 Nf8 44. Bxf8 Kxf8 45. Nd2 Ke8 46. Re7+ Kf8 47. Ne4 Ne6 48.
Rxa7 1-0

[Event "26th WSCC 2016 Open 50+"]
[Site "Marianske Lazne, Czech Republic - Hotel Cristal and Continental"]
[Date "2016.11.19"]
[Round "1.39"]
[White "Meier, Franz"]
[Black "Kilicaslan, Hasan"]
[Result "0-1"]
[WhiteElo "1859"]
[BlackElo "2225"]
[PlyCount "90"]
[EventDate "2016.11.19"]

1. e4 d6 2. d4 g6 3. Nc3 Bg7 4. f4 Nf6 5. e5 dxe5 6. dxe5 Qxd1+ 7. Kxd1 Ng4 8.
Ke1 c6 9. h3 Nh6 10. g4 f5 11. g5 Nf7 12. Bg2 Na6 13. Be3 Nb4 14. Rc1 Be6 15.
Nge2 Nd8 16. Nd4 Kf7 17. Nxe6 Nxe6 18. a3 Na6 19. Rd1 h6 20. h4 hxg5 21. hxg5
Rxh1+ 22. Bxh1 Rh8 23. Kf2 Nac7 24. Kg3 a6 25. Bf3 Nxg5 26. fxg5 Bxe5+ 27. Bf4
Bxf4+ 28. Kxf4 Ne6+ 29. Kg3 Nxg5 30. Bg2 Ne6 31. b4 Rd8 32. Rxd8 Nxd8 33. Na4
e5 34. Nc5 g5 35. Nxb7 Nxb7 36. Bxc6 Nd6 37. a4 Ke7 38. b5 axb5 39. axb5 Nc4
40. Bd5 Nb6 41. Bg8 e4 42. c4 Na4 43. Kf2 Kf6 44. Bd5 Ke5 45. Bc6 Kd4 0-1

[Event "26th WSCC 2016 Open 50+"]
[Site "Marianske Lazne, Czech Republic - Hotel Cristal and Continental"]
[Date "2016.11.19"]
[Round "1.40"]
[White "Smolin, Sergey"]
[Black "Arias Castanedo, Jacinto"]
[Result "1-0"]
[WhiteElo "2224"]
[BlackElo "1857"]
[PlyCount "65"]
[EventDate "2016.11.19"]

1. e4 c6 2. d4 d5 3. e5 Bf5 4. Bd3 Bxd3 5. Qxd3 e6 6. Ne2 Nd7 7. O-O c5 8. c3
Qb6 9. f4 Ne7 10. Nd2 g6 11. Nf3 Nc6 12. Be3 c4 13. Qd2 Be7 14. g4 Qc7 15. f5
gxf5 16. gxf5 exf5 17. Qc2 Nd8 18. Nf4 Qc6 19. Qxf5 Nf8 20. Kh1 Ng6 21. Nh5 O-O
22. Bh6 Ne6 23. Bxf8 Rxf8 24. Rg1 Kh8 25. Raf1 Qa6 26. a3 Qb6 27. Rg2 a6 28.
Rfg1 Qc6 29. Nf6 Ng7 30. Qg5 Bxf6 31. exf6 Ne8 32. Qh6 Qxf6 33. Qxf8+ 1-0

[Event "26th WSCC 2016 Open 50+"]
[Site "Marianske Lazne, Czech Republic - Hotel Cristal and Continental"]
[Date "2016.11.19"]
[Round "1.41"]
[White "Kylar, Miroslav"]
[Black "Malinin, Vasily B"]
[Result "1-0"]
[WhiteElo "1851"]
[BlackElo "2220"]
[PlyCount "109"]
[EventDate "2016.11.19"]

1. d4 Nc6 2. e4 e5 3. dxe5 Nxe5 4. Bf4 Ng6 5. Bg3 h5 6. h3 h4 7. Bh2 Bc5 8. Bc4
d6 9. Nf3 Bd7 10. Nc3 Nf6 11. e5 dxe5 12. Nxe5 Nxe5 13. Bxe5 Qe7 14. Qe2 O-O-O
15. O-O-O Bc6 16. f4 Rhe8 17. Bb5 Bxb5 18. Nxb5 Nd7 19. Qg4 Be3+ 20. Kb1 Qb4
21. Nc3 c6 22. Rd3 Bc5 23. Rhd1 Re7 24. Bxg7 Kc7 25. Qxh4 Rde8 26. Qg4 f5 27.
Qxf5 Nb6 28. Be5+ Rxe5 29. fxe5 Nc4 30. Qd7+ Kb6 31. Nd5+ cxd5 32. Rb3 Rxe5 33.
Rxb4+ Bxb4 34. a3 Bd6 35. a4 a6 36. b3 Na3+ 37. Kb2 Bb4 38. Qg4 Ka5 39. c3 Be7
40. Qf3 b5 41. b4+ Kb6 42. Kxa3 a5 43. Rxd5 axb4+ 44. cxb4 Re6 45. Rxb5+ Kc7
46. Rb7+ Kc8 47. Rxe7 Rxe7 48. h4 Rc7 49. h5 Kb8 50. h6 Ka7 51. b5 Kb6 52. Qd3
Ka5 53. Qd8 Kb6 54. a5+ Kb7 55. Qxc7+ 1-0

[Event "26th WSCC 2016 Open 50+"]
[Site "Marianske Lazne, Czech Republic - Hotel Cristal and Continental"]
[Date "2016.11.19"]
[Round "1.42"]
[White "Chapman, Terry P D"]
[Black "Serafim Junior, Arnor"]
[Result "1-0"]
[WhiteElo "2220"]
[BlackElo "1846"]
[PlyCount "114"]
[EventDate "2016.11.19"]

1. g3 Nf6 2. Bg2 g6 3. e4 d6 4. Ne2 Bg7 5. O-O O-O 6. d4 Nbd7 7. h3 e5 8. Nbc3
Re8 9. Re1 a6 10. a4 Rb8 11. a5 exd4 12. Nxd4 Nc5 13. Kh2 Ne6 14. Be3 Nc5 15.
Bc1 Bd7 16. g4 h6 17. f3 c6 18. Bf4 Qc7 19. Nde2 Bf8 20. Qd2 g5 21. Bg3 Rbd8
22. Kh1 Bc8 23. h4 Nh7 24. Red1 Qe7 25. hxg5 hxg5 26. Nd4 d5 27. exd5 cxd5 28.
Re1 Ne6 29. Nf5 Qb4 30. Ra4 Qc5 31. Bf2 Qc6 32. Bb6 Nc7 33. Rxe8 Rxe8 34. Bxc7
Bxf5 35. Bg3 Be6 36. Rd4 Bg7 37. Rd3 Qc5 38. Nxd5 Bxb2 39. Bf2 Qf8 40. c3 Ba3
41. Nc7 Rc8 42. Nxe6 Qh6+ 43. Kg1 Qxe6 44. Rd8+ Rxd8 45. Qxd8+ Bf8 46. Qb6 Qd5
47. Bd4 Qd7 48. Kf2 Be7 49. Qh6 Bf8 50. Qb6 Be7 51. Bf1 Bd6 52. Bd3 Nf8 53. Qb1
Ne6 54. Bf5 Qc7 55. Bxe6 Bh2 56. Qg6+ Kf8 57. Qg7+ Ke8 1-0

[Event "26th WSCC 2016 Open 50+"]
[Site "Marianske Lazne, Czech Republic - Hotel Cristal and Continental"]
[Date "2016.11.19"]
[Round "1.43"]
[White "Panos, Jan"]
[Black "Chudinovskikh, Alexander M"]
[Result "0-1"]
[WhiteElo "1845"]
[BlackElo "2219"]
[PlyCount "66"]
[EventDate "2016.11.19"]

1. d4 Nf6 2. c4 e6 3. Nc3 Bb4 4. Qc2 d5 5. e3 O-O 6. Bd3 c5 7. a3 Bxc3+ 8. bxc3
Nc6 9. Nf3 b6 10. O-O Bb7 11. Rb1 dxc4 12. Bxc4 Na5 13. Be2 Rc8 14. Qd1 Qd5 15.
a4 Rfd8 16. Qc2 cxd4 17. exd4 Ne4 18. Rb5 Qc6 19. Bb2 Nxc3 20. Bxc3 Qxc3 21.
Qb1 Qc2 22. Bd3 Qxb1 23. Rbxb1 Bxf3 24. gxf3 Rxd4 25. Bb5 g5 26. Rfe1 Kg7 27.
Re5 Rc5 28. Re2 Nc4 29. Kg2 Kf6 30. Rb4 Ne3+ 31. Rxe3 Rxb4 32. Rd3 Rcxb5 33.
axb5 Rxb5 0-1

[Event "26th WSCC 2016 Open 50+"]
[Site "Marianske Lazne, Czech Republic - Hotel Cristal and Continental"]
[Date "2016.11.19"]
[Round "1.44"]
[White "Schatz, Christian"]
[Black "Lavrincik, Pavel"]
[Result "1-0"]
[WhiteElo "2218"]
[BlackElo "1837"]
[PlyCount "67"]
[EventDate "2016.11.19"]

1. Nf3 d6 2. c4 Nf6 3. g3 g6 4. Bg2 Bg7 5. Nc3 e5 6. O-O O-O 7. d3 Nbd7 8. Rb1
a5 9. a3 Nc5 10. b4 axb4 11. axb4 Ne6 12. b5 Ne8 13. Bb2 f5 14. Ra1 Rxa1 15.
Qxa1 Nf6 16. Qa7 g5 17. Nd2 b6 18. Nd5 Nxd5 19. Bxd5 Kh8 20. Ra1 g4 21. Qb8 Bd7
22. Qxd8 Rxd8 23. Ra7 Rc8 24. Nf1 Nd4 25. Bxd4 exd4 26. Nd2 Be5 27. Bb7 Rd8 28.
f4 gxf3 29. Nxf3 Be6 30. Ng5 Bg8 31. Bd5 Bxd5 32. cxd5 Rd7 33. Ne6 h6 34. Ra8+
1-0

[Event "26th WSCC 2016 Open 50+"]
[Site "Marianske Lazne, Czech Republic - Hotel Cristal and Continental"]
[Date "2016.11.19"]
[Round "1.45"]
[White "Vieira, Alexandre Letizio"]
[Black "Grant, Jonathan I M"]
[Result "1/2-1/2"]
[WhiteElo "1835"]
[BlackElo "2218"]
[PlyCount "146"]
[EventDate "2016.11.19"]

1. d4 Nf6 2. Nf3 d5 3. Bf4 c5 4. c3 e6 5. e3 Nc6 6. Bd3 Bd6 7. Bg3 O-O 8. Nbd2
b6 9. a4 Bb7 10. Ne5 Qc7 11. Nxc6 Bxc6 12. Qf3 e5 13. dxe5 Bxe5 14. Bxe5 Qxe5
15. Qf5 Qxf5 16. Bxf5 d4 17. cxd4 cxd4 18. O-O dxe3 19. fxe3 Rad8 20. Nf3 Rfe8
21. Nd4 Bb7 22. Rfe1 g6 23. Bh3 Nd5 24. Kf2 Nb4 25. Red1 Be4 26. Ke2 f5 27. g3
Rd5 28. Bf1 Rde5 29. Kf2 Bd5 30. Re1 Kg7 31. a5 Bb7 32. axb6 axb6 33. Rac1 Nd5
34. Bg2 R8e7 35. Bxd5 Rxd5 36. Rc3 Rd6 37. Rec1 Be4 38. Rc7 Rdd7 39. h3 Rxc7
40. Rxc7 Rxc7 41. Ne6+ Kf6 42. Nxc7 Bc6 43. Na6 Ke5 44. h4 Kd6 45. Nb4 Be4 46.
Na2 Kc5 47. Ke2 Kc4 48. Nc1 Bg2 49. Kd2 Kd5 50. Nb3 Bf1 51. Kc3 Ke5 52. Nd2 Be2
53. Kb3 Kd5 54. Kb4 Ba6 55. Kc3 Bb7 56. Kb4 Bc6 57. Kc3 Kc5 58. Nb3+ Kd5 59.
Nd2 Be8 60. Kb4 Bd7 61. Kc3 Be6 62. Kb4 Kc6 63. Kc3 Kc5 64. Kd3 Bd5 65. Kc3 b5
66. b4+ Kd6 67. Kd4 Bg2 68. Nb3 Bc6 69. Nc5 Bd5 70. Nd3 Bc4 71. Ne5 Bd5 72. Nd3
Bc6 73. Nc5 Be8 1/2-1/2

[Event "26th WSCC 2016 Open 50+"]
[Site "Marianske Lazne, Czech Republic - Hotel Cristal and Continental"]
[Date "2016.11.19"]
[Round "1.46"]
[White "Thuesen, Mogens"]
[Black "Becvar, Miroslav"]
[Result "1/2-1/2"]
[WhiteElo "2207"]
[BlackElo "1834"]
[PlyCount "59"]
[EventDate "2016.11.19"]

1. d4 e6 2. c4 d5 3. Nf3 Nf6 4. g3 b6 5. Bg2 Bb7 6. O-O Nbd7 7. Qc2 Bd6 8. Nc3
O-O 9. Rd1 a6 10. Bg5 h6 11. Bxf6 Nxf6 12. Ne5 c6 13. e4 Qc7 14. cxd5 cxd5 15.
exd5 Nxd5 16. Ng4 Rac8 17. Rac1 Nxc3 18. Qxc3 Qxc3 19. bxc3 Bxg2 20. Kxg2 b5
21. Ne3 Rfd8 22. c4 bxc4 23. Nxc4 Be7 24. Kf3 Bf6 25. Ke4 Rc7 26. Ne5 Rxc1 27.
Rxc1 Bxe5 28. Kxe5 Rd5+ 29. Ke4 Ra5 30. Rc2 1/2-1/2

[Event "26th WSCC 2016 Open 50+"]
[Site "Marianske Lazne, Czech Republic - Hotel Cristal and Continental"]
[Date "2016.11.19"]
[Round "1.47"]
[White "De Meester, Johan"]
[Black "Lacina, Adolf"]
[Result "1-0"]
[WhiteElo "1828"]
[BlackElo "2206"]
[PlyCount "61"]
[EventDate "2016.11.19"]

1. c4 e5 2. Nc3 Nf6 3. g3 d5 4. cxd5 Nxd5 5. Bg2 Nb6 6. Nf3 Nc6 7. O-O Be7 8.
d3 O-O 9. Bd2 Re8 10. Rc1 Bg4 11. Re1 f5 12. h3 Bh5 13. Na4 e4 14. Nxb6 exf3
15. Nxa8 fxg2 16. Qb3+ Bf7 17. Qxb7 Nd4 18. Nxc7 Qd7 19. Be3 Bf6 20. Bxd4 Bxd4
21. Qc6 Bxf2+ 22. Kxf2 Qd4+ 23. Kxg2 f4 24. gxf4 Rb8 25. b3 h5 26. Rc4 Qd8 27.
Ne6 Qa5 28. Rec1 Re8 29. Re4 Qf5 30. Rc5 Qf6 31. Ng5 1-0

[Event "26th WSCC 2016 Open 50+"]
[Site "Marianske Lazne, Czech Republic - Hotel Cristal and Continental"]
[Date "2016.11.19"]
[Round "1.48"]
[White "Urban, Zdenek"]
[Black "Randak, Pavel"]
[Result "1-0"]
[WhiteElo "2205"]
[BlackElo "1826"]
[PlyCount "43"]
[EventDate "2016.11.19"]

1. c4 Nf6 2. Nc3 e6 3. e4 d5 4. e5 Nfd7 5. d4 dxc4 6. Nf3 a6 7. a4 b6 8. Bxc4
Bb7 9. O-O Be7 10. d5 exd5 11. Nxd5 O-O 12. Nxe7+ Qxe7 13. Bg5 Qc5 14. Rc1 Qb4
15. e6 Nf6 16. exf7+ Kh8 17. Ne5 b5 18. Bxf6 bxc4 19. Qh5 gxf6 20. Qh6 Rxf7 21.
Nxf7+ Kg8 22. Qxf6 1-0

[Event "26th WSCC 2016 Open 50+"]
[Site "Marianske Lazne, Czech Republic - Hotel Cristal and Continental"]
[Date "2016.11.19"]
[Round "1.49"]
[White "Vasse, Albert"]
[Black "Hartung-Nielsen, Jens"]
[Result "1-0"]
[WhiteElo "1826"]
[BlackElo "2200"]
[PlyCount "95"]
[EventDate "2016.11.19"]

1. e4 d5 2. Nc3 d4 3. Nce2 e5 4. f4 Nc6 5. Nf3 Bg4 6. Nxe5 Nxe5 7. fxe5 Qh4+ 8.
g3 Qh5 9. Bg2 O-O-O 10. d3 Bb4+ 11. Bd2 Bxd2+ 12. Qxd2 Qxe5 13. O-O Nf6 14. Rf4
g5 15. Rf2 Be6 16. c3 dxc3 17. bxc3 Nxe4 18. Qe3 Rxd3 19. Qxe4 Qxe4 20. Bxe4
Re3 21. Bf3 Bc4 22. Rb1 Rxf3 23. Rxf3 Bxe2 24. Rxf7 Bc4 25. Rg7 Rd8 26. Rb2
Rd1+ 27. Kf2 Rc1 28. Rxh7 g4 29. Rd2 c6 30. Rdd7 Rc2+ 31. Ke3 Re2+ 32. Kf4 Rf2+
33. Kg5 Ba6 34. Rdf7 Rxf7 35. Rxf7 Be2 36. Rf4 b5 37. Rxg4 Bxg4 38. Kxg4 c5 39.
Kf4 Kd7 40. Ke4 Ke6 41. h4 a5 42. Kd3 Ke5 43. g4 c4+ 44. Kc2 b4 45. Kb2 Kf4 46.
h5 Kg5 47. cxb4 axb4 48. a4 1-0